Jornadas Peruano-Bolivianas de Estudio Científico del Altiplano Boliviano y del Sur del Perú : (Record no. 7450)

000 -CABECERA
fixed length control field 00870nam a22001817a 4500
003 - IDENTIFICADOR DEL NÚMERO DE CONTROL
control field AR-CdUCM
008 - DATOS DE LONGITUD FIJA--INFORMACIÓN GENERAL
fixed length control field 190320b ||||| |||| 00| 0 spa d
040 ## - FUENTE DE LA CATALOGACIÓN
Agencia/entidad que catalogó originalmente la obra MUNICIPALIDAD PROVINCIAL DEL CUSCO
Entidad que transcribió la catalogación BIBLIOTECA MUNICIPAL DEL CUSCO
082 ## - NÚMERO DE LA CLASIFICACIÓN DECIMAL DEWEY
No. de Clasificación 985.033 /
Notacion interna EM53
245 ## - MENCIÓN DE TÍTULO
Título Jornadas Peruano-Bolivianas de Estudio Científico del Altiplano Boliviano y del Sur del Perú :
Resto del título En conmemoracion del sesquicentenario de la republica 18 al 24 de Julio de 1975 /
260 ## - PUBLICACIÓN, DISTRIBUCIÓN, ETC.
Lugar de publicación, distribución, etc. Bolivia :
Nombre de la editorial, distribuidor, etc. Casa municipal de la cultura "Franz Tamayo",
Fecha de publicación, distribución, etc. 1976.
300 ## - DESCRIPCIÓN FÍSICA
Nº de Páginas Extensión 292 páginas ;
Dimensiones 24 cm.
505 ## - NOTA DE CONTENIDO CON FORMATO
Nota de contenido formateada Contenido: Las fuentes -- La rebelión de Arequipa -- Movimientos de indios, mestizos y criollos -- Apreciaciones generales sobre los sucesos de Arequipa en el años 1780...
650 ## - PUNTO DE ACCESO ADICIONAL DE MATERIA--TÉRMINO DE MATERIA
Descriptor Independencia
9 (RLIN) 625
650 ## - PUNTO DE ACCESO ADICIONAL DE MATERIA--TÉRMINO DE MATERIA
Descriptor Siglo XX
9 (RLIN) 8
650 ## - PUNTO DE ACCESO ADICIONAL DE MATERIA--TÉRMINO DE MATERIA
Descriptor Rebelión
9 (RLIN) 3924
942 ## - ELEMENTOS DE PUNTO DE ACCESO ADICIONAL (KOHA)
Fuente de clasificación
Tipo de item Libros-BMC

No items available.

Powered by Koha